| 000 | 02750cam a22005534i 4500 | ||
|---|---|---|---|
| 003 | PE-LiUPU | ||
| 005 | 20250731173004.0 | ||
| 008 | 150616s1975 ag r 000 0 spa d | ||
| 035 | _a(Sirsi) a2200 | ||
| 040 |
_aPE-LiUPU _bspa _cPE-LiUPU _erda |
||
| 049 | _aPRUA | ||
| 082 | 0 | 4 |
_a263.3 _bF38 _221 |
| 100 | 1 |
_aFernández, Domingo., _eautor. |
|
| 245 | 1 | 1 |
_a¿Por qué guardamos el domingo? / _cDomingo Fernández. |
| 264 | 1 |
_aBuenos Aires : _bCasa Bautista de Publicaciones, _c1975. |
|
| 300 |
_a87 páginas ; _c18 centímetros |
||
| 336 |
_atext _2rdacontent |
||
| 337 |
_aunmediated _2rdamedia |
||
| 338 |
_avolume _2rdacarrier |
||
| 505 | 0 | _a¿Cómo empezó el adventismo del séptimo día? -- La ley y la gracia -- La ley fue dada al pueblo israelita y no a los gentiles -- La unidad de la ley -- La ley abolida para el cristiano convertido -- Los dos pactos -- El problema de los Gálatas -- La ley de Cristo -- La palabra mandamientos en el nuevo testamento -- El sábado -- El domingo. | |
| 526 | _aSEG42 | ||
| 526 | _aSEG41 | ||
| 526 | _aSEG40 | ||
| 526 | _aSEG39 | ||
| 526 | _aP94 | ||
| 526 | _aP87 | ||
| 526 | _aP86 | ||
| 526 | _aP85 | ||
| 526 | _aP77 | ||
| 526 | _aP76 | ||
| 526 | _aP35 | ||
| 650 | 0 | 4 |
_aAdventistas del séptimo día _xLiteratura _xControversial. |
| 910 |
_ajck _bjvq _cjck |
||
| 942 |
_2ddc _cBOOK |
||
| 949 |
_a263.3 F38 _wDEWEY _c1 _i17226 _lCCODEBUL1 _mBUL _p23.00 _r0 _sY _tBOOK _u19770616 _xTEOLOGIA _zUNKNOWN _0COMPRA _o.STAFF. Colección Teología |
||
| 949 |
_a263.3 F38 _wDEWEY _c2 _i15212 _lCCODEBUL1 _mBUL _p23.00 _r0 _sY _tBOOK _u19770616 _xTEOLOGIA _zUNKNOWN _0COMPRA _o.STAFF. Colección Teología |
||
| 949 |
_a263.3 F38 _wDEWEY _c3 _i15213 _lCCODEBUL1 _mBUL _p23.00 _r0 _sY _tBOOK _u19770616 _xTEOLOGIA _zUNKNOWN _0COMPRA _o.STAFF. Colección Teología |
||
| 949 |
_a263.3 F38 _wDEWEY _c4 _i15211 _lCCODEBUL1 _mBUL _p23.00 _r0 _sY _tBOOK _u19770616 _xTEOLOGIA _zUNKNOWN _0COMPRA _o.STAFF. Colección Teología |
||
| 994 |
_aC0 _bPEPRU |
||
| 596 | _a1 | ||
| 999 |
_a263.3 F38 _wDEWEY _c22526 _i17226 _lDISCARD _mBUL _r0 _sY _tBOOK _u2015-6-16 _xTEOLOGIA _zUNKNOWN _0COMPRA _o.STAFF. Colección General _d22526 |
||
| 999 |
_a263.3 F38 _wDEWEY _c2 _i15212 _lDISCARD _mBUL _r0 _sY _tBOOK _u2015-6-16 _xTEOLOGIA _zUNKNOWN _0COMPRA _o.STAFF. Colección General |
||
| 999 |
_a263.3 F38 _wDEWEY _c3 _i15213 _d2019-6-21 _e2018-4-26 _f2021-11-10 _g5 _lCCODEBUL1 _mBUL _n3 _p23.00 _q5 _r0 _sY _tBOOK _u2015-6-16 _xTEOLOGIA _PP35 _0COMPRA _o.STAFF. Colección Teología |
||
| 999 |
_a263.3 F38 _wDEWEY _c4 _i15211 _lDISCARD _mBUL _r0 _sY _tBOOK _u2015-6-16 _xTEOLOGIA _zUNKNOWN _0COMPRA _o.STAFF. Colección General |
||
| 980 |
_81 _gALBERTO SANCHEZ Responsable de Automatización |
||